Online
Catalog

Anatomía y fisiología del cuerpo humano / (Record no. 3897)

MARC details
000 -CABECERA
campo de control de longitud fija 00910nam a2200241 a 4500
001 - NÚMERO DE CONTROL
campo de control 000004079
005 - FECHA Y HORA DE LA ÚLTIMA TRANSACCIÓN
campo de control 20200929150709.0
008 - DATOS DE LONGITUD FIJA--INFORMACIÓN GENERAL
campo de control de longitud fija 090716s2006 dr ad r 000 0 spa d
020 ## - NÚMERO INTERNACIONAL ESTÁNDAR DEL LIBRO
Número Internacional Estándar del Libro 9974777593
040 ## - FUENTE DE LA CATALOGACIÓN
Centro catalogador/agencia de origen DO-SdBNP
082 ## - NÚMERO DE LA CLASIFICACIÓN DECIMAL DEWEY
Número de clasificación R612
Número de documento/Ítem A535f
245 00 - MENCIÓN DE TÍTULO
Título Anatomía y fisiología del cuerpo humano /
Mención de responsabilidad, etc. dirección Luís Roberto Barone ; redacción Adriana Graciela Cuenca.
246 14 - FORMA VARIANTE DE TÍTULO
Título propio/Titulo breve Atlas de anatomía y funciones del cuerpo humano:
Resto del título tu cuerpo, tu mente y tu salud
260 ## - PUBLICACIÓN, DISTRIBUCIÓN, ETC.
Lugar de publicación, distribución, etc. Montevideo :
Nombre del editor, distribuidor, etc. Arquetipo Grupo Editorial,
Fecha de publicación, distribución, etc. 2006.
300 ## - DESCRIPCIÓN FÍSICA
Extensión 200 p. :
Otras características físicas il., diagrs. ;
Dimensiones 34 cm +
Material acompañante/anejo cd-rom.
500 ## - NOTA GENERAL
Nota general Incluye índice
650 #4 - PUNTO DE ACCESO ADICIONAL DE MATERIA--TÉRMINO DE MATERIA
Término de materia o nombre geográfico como elemento de entrada Anatomía humana
Subdivisión de forma ATLAS
9 (RLIN) 12158
650 #4 - PUNTO DE ACCESO ADICIONAL DE MATERIA--TÉRMINO DE MATERIA
Término de materia o nombre geográfico como elemento de entrada Cuerpo humano
Subdivisión de forma ATLAS
9 (RLIN) 12159
650 #4 - PUNTO DE ACCESO ADICIONAL DE MATERIA--TÉRMINO DE MATERIA
Término de materia o nombre geográfico como elemento de entrada Fisiología
Subdivisión de forma ATLAS
9 (RLIN) 12160
700 1# - PUNTO DE ACCESO ADICIONAL--NOMBRE DE PERSONA
Nombre de persona Barone, Luís Roberto
9 (RLIN) 2225
700 1# - PUNTO DE ACCESO ADICIONAL--NOMBRE DE PERSONA
Nombre de persona Cuenca, Adriana Graciela
9 (RLIN) 12161
910 ## - DATOS DE OPCIÓN DEL USUARIO (OCLC)
Datos de opción del usuario Validado. Control de calidad BNPHU
999 99 - NÚMEROS DE CONTROL DE SISTEMA (KOHA)
-- 0000045
Holdings
Estado de retiro Estado de pérdida Restricciones de uso No para préstamo Código de colección Localización permanente Ubicación/localización actual Ubicación en estantería Fecha de adquisición Número de inventario Total de préstamos Signatura topográfica completa Código de barras Fecha visto por última vez Precio válido a partir de Tipo de ítem Koha Número de copia
    Préstamo interno   Patrimonio Dominicano R R En catalogación 17.07.2009 LF1   R612 A535f 4079-10 25.06.2020 25.06.2020 Libro y Folleto Colección Patrimonio Dominicano  
    Préstamo restringido Préstamo restrigido Patrimonio Dominicano R R En catalogación 17.07.2009 LF1   R612 A535f 4079-20 25.06.2020 25.06.2020 Libro y Folleto Colección Patrimonio Dominicano e. 2
    Préstamo interno   Dominicana de Servicio R R En catalogación 17.07.2009 LF1   R612 A535f 4079-30 25.06.2020 25.06.2020 Libro y Folleto Colección Dominicana de Servicio e. 3

Powered by Koha